| 000 | 01323nam a2200349 c 4500 | ||
|---|---|---|---|
| 003 | BLK | ||
| 005 | 20231103005131.0 | ||
| 008 | 180409b bul|||||r ||||||| ||bul|| | ||
| 010 | _aKNG00109731000 | ||
| 020 |
_a954-8336-80-4 _bиздат.: Пигмалион |
||
| 040 | _aBLK | ||
| 041 |
_aBUL _cBUL |
||
| 080 |
_aИстория на Република Турция след 1920 г. Вж и 949.61 и 939.2/.3 _b956.0 _x _z956.0 |
||
| 100 | 1 |
_aЛюис, Бърнард _eпърви автор _9309970 |
|
| 700 |
_aАлтънчев, Огнян Иванов _d1949- _9365196 |
||
| 139 |
_aЛюис, Бърнард _bЛ 95 |
||
| 245 | 1 | 0 |
_aВъзникване на съвременна Турция _cБърнард Люис; прев. Огнян Алтънчев. |
| 257 | _aGBR | ||
| 260 |
_аПловдив _bПигмалион _c2003 |
||
| 300 |
_a558 с. _bс к., 4 л. : ил. _c20 см |
||
| 380 | _a9 | ||
| 500 | _aОриг. загл. The Emergence of Modern Turkey / Bernard Lewis. - Офс. изд. | ||
| 650 | 4 |
_aТурция - история _9263697 |
|
| 653 | _aТурция | ||
| 653 | _aистория | ||
| 852 | _aЦб 217210 | ||
| 856 | 4 |
_qpdf _u |
|
| 856 | 4 |
_qpdf _u |
|
| 942 |
_cKNG _n0 |
||
| 944 |
_aCR _c17.12.2003 _k _lCRON CRON |
||
| 944 |
_aED _c08.12.2005 _k |
||
| 999 |
_c104623 _d104623 |
||